00837nam a22002417a 450000500170000001000110001702000100002803500110003803700190004904000120006808200150008010000290009524500890012426000300021330000230024349000380026650000530030465000420035765000310039994200240043099900190045495201220047320170124110056.0 a493093 c00.00 a493093 bCen. Lib./Ret. aDPLbEN a951.9bWHI aWhiting, Allens S926481 aChina crosses the Yalu :cby Allen S Whitingbthe decision to enter the Korean War / aNew YorkbMacmillanc1960 ax,219p. c23cm(Hb) aRand Corporation Research Studies aIncludes bibliographical references and index  aKorean War, 1950-1953 -- China926482 aPhilosophy, Chinese926483 2ddccENh951.9mWHI c129477d129477 00104070aLbLd2015-07-06eCen Lib/Ret g0.00l0o951.9 WHIp493093r2015-07-06 00:00:00t1v0.00w2015-07-06yEN